Logo BPK

Biblioteka

Politechniki Koszalińskiej

Astronawigacja żeglarska : (Rekord nr 47069)

Szczegóły MARC
000 -ETYKIETA REKORDU
podpole kontrolne o stałej długości 00605nam a2200193 i 4500
001 - NUMER KONTROLNY REKORDU
pole kontrolne bg
003 - IDENTYFIKATOR NUMERU KONTROLNEGO REKORDU
podpole kontrolne BPK
005 - DATA OSTATNIEJ MODYFIKACJI REKORDU
podpole kontrolne 20210212131233.0
008 - POLE O STAŁEJ DŁUGOŚCI - DANE KONTROLNE
podpole kontrolne o stałej długości s1966 pl f |000 0 pol
040 ## - ŹRÓDŁO KATALOGOWANIA
Instytucja, która utworzyła rekord BPK
041 ## - KOD JĘZYKA
Kod języka tekstu pol
100 1# - NAZWA OSOBOWA
Nazwa osobowa Siłka, Wojciech
Określenie rodzaju współpracy Autor
245 #0 - TYTUŁ/ODPOWIEDZIALNOŚĆ
Tytuł Astronawigacja żeglarska :
Ciąg dalszy tytułu druki obliczeń /
Pozostałe elementy strefy tytułu i oznaczenia odpowiedzialności Wojciech Siłka, Stanisław Skoczeń.
260 ## - STREFA ADRESU WYDAWNICZEGO
Miejsce wydania Warszawa,
Data publikacji, dystrybucji/powstania dokumentu 1966.
650 #4 - HASŁO PRZEDMIOTOWE W FORMIE NAZWY OGÓLNEJ LUB JEDNOSTKOWEJ
Nazwa ogólna lub geograficzna Astronawigacja
700 1# - HASŁO DODATKOWE - NAZWA OSOBOWA
Nazwa osobowa Skoczeń, Stanisław.
856 ## - LOKALIZACJA I DOSTĘP DO ELEKTRONICZNYCH DOKUMENTÓW ZDALNYCH
Link (URL) http://koha.tu.koszalin.pl/cgi-bin/koha/opac-detail.pl?biblionumber=47069
Tekst linku Katalog online BPK
942 ## - DODATKOWE ELEMENTY (KOHA)
Typ dokumentu Książka
Schemat klasyfikacji Uniwersalna Klasyfikacja Dziesiętna
Egzemplarze
Wycofany Status egzemplarza Uszkodzony Dostępność Lokalizacja stała Lokalizacja bieżąca Miejsce przechowywania Sygnatura Kod kreskowy Ostatnio wypożyczono Typ dokumentu
      W opracowaniu Biblioteka Politechniki Koszalińskiej Biblioteka Politechniki Koszalińskiej Wypożyczalnia BG 15988/2 01732641 22.11.2019 Książka
© 2023 Biblioteka Politechniki Koszalińskiej :: KOHA